000 006230000a22001930004500
999 _c53950
_d53950
001 768714001
003 CO-MdFUSB
005 20170809165256.0
008 170809s1998 xxu||||| |||| 00| 0 eng d
022 _a0098-9444
040 _aCO-MdFUSB
_bspa
_cCO-MdFUSB
_dCO-MdFUSB
041 _aeng
100 1 _aRochman, Bonnie
_eautor
245 1 0 _aBattle over archaeology in Israel reaches a boil
300 _aVolumen 24. Número 5 (1998), Páginas 18-19
_c28 cm.
546 _aTexto en inglés
773 0 _tBiblical Archaeology Review
_049395
_959482
_gVolumen 24. Número 5 (1998), Páginas 18-19
_qPágina 18
942 _cANA